| 000 | 00940nam a22002777a 4500 | ||
|---|---|---|---|
| 003 | CHAP | ||
| 005 | 20220329135038.0 | ||
| 008 | 971013s1962 r 00010 d | ||
| 010 | _a30055 | ||
| 011 | _a31027 | ||
| 035 | _a35139 | ||
| 040 | _cCHAP | ||
| 082 |
_a350 _bN32m |
||
| 100 | 0 | 0 |
_aNaciones Unidas. Departamento de Asuntos Económicos y Sociales. _980015 |
| 245 | _aManual de administración pública ; conceptos y prácticas modernos especialmente en relación con los países en desarrollo | ||
| 260 |
_aNew York : _bNaciones Unidas, _c1962 |
||
| 300 | _a152 p. | ||
| 590 |
_aBATCH-UPD _b10 _c20130110 _lUCH01 _h2103 |
||
| 590 |
_aBATCH-UPD _b10 _c20130410 _lUCH01 _h1415 |
||
| 590 |
_aBATCH-UPD _b10 _c20130914 _lUCH01 _h2047 |
||
| 590 |
_aCONVERSION _b10 _c20130109 _lUCH01 _h1317 |
||
| 650 | 1 | 4 |
_aAdministracion publica. _9934 |
| 901 | _aBK | ||
| 942 | _cLIBRO | ||
| 949 |
_a350 N32m _bBC _cLIBRO _d-81224 _eLIBRO _h6931 _i35139 _mD _si |
||
| 999 |
_c30055 _d30055 |
||